LEADER 01116nam0-2200361---450- 001 990009428890403321 005 20111003150723.0 010 $a978-88-430-4540-2 035 $a000942889 035 $aFED01000942889 035 $a(Aleph)000942889FED01 035 $a000942889 100 $a20110921d2008----km-y0itay50------ba 101 0 $aita 102 $aIT 105 $a--------001yy 200 1 $aIntroduzione alla psicologia sociale$eteorie e strumenti per gli operatori dell'educazione e della cura$fSilvia Gattino, Anna Miglietta, Daniela Converso 210 $aRoma$cCarocci$d2008 215 $a306 p.$e20 cm 225 1 $aDimensioni della psicologia$v18 320 $aContiene bibl. (pp. 279-306) 610 0 $aPsicologia sociale 676 $a302$v22$zita 700 1$aGattino,$bSilvia$0512711 701 1$aMiglietta,$bAnna$0512712 701 1$aConverso,$bDaniela$0512713 801 0$aIT$bUNINA$gRICA$2UNIMARC 901 $aBK 912 $a990009428890403321 952 $a302 GAT 1$b5391$fBFS 959 $aBFS 996 $aIntroduzione alla psicologia sociale$9760161 997 $aUNINA LEADER 00982nam0-22003251i-450 001 990001814220403321 005 20210407122124.0 010 $a9252026800 035 $a000181422 035 $aFED01000181422 035 $a(Aleph)000181422FED01 035 $a000181422 100 $a20030910d1989----km-y0itay50------ba 101 0 $afre 102 $aIT 105 $aa p 001yy 200 1 $aManuels sur le contro?le de la qualite? des produits alimentaires$e9. introduction à l'échantillonage des aliments$fFAO 210 $aRoma$cFAO$d1989 215 $aVII, 85 p.$cill.$d30 cm 225 1 $aÉtude FAO: alimentation et nutrition$v14/9 610 0 $aAlimenti 676 $a664$v23$zita 710 02$aFAO$017670 801 0$aIT$bUNINA$gRICA$2UNIMARC 901 $aBK 912 $a990001814220403321 952 $a60 COLL. FAO 01/014 9$fFAGBC 959 $aFAGBC 996 $aManuels sur le controle de la qualité des produits alimentaires$9410298 997 $aUNINA